000 00429nam a2200181Ia 4500
005 20250423095452.0
008 250422s9999 xx 000 0 und d
020 _a9782281361
050 _aHM 1221 .A26/
100 _aAbodunrin, Tawo
245 0 _aFundamentals of public relations
260 _aLagos
260 _bOne Soul Publishers
260 _c2015
300 _a144 p
650 _aPublic relations.
942 _cBK
999 _c30368
_d30368